• 首页
  • 本馆介绍
  • 公告通知
  • 最新文献
  • 馆藏检索
  • 电子资源
  • 读者导购
  • 参考咨询
  • 我的图书馆
  • 登录
  • 详细信息显示
  • 放入我的书架
  • 预约/预借图书
  • 作者相关作品
  • 分类相关作品
  • 丛书相关作品
  • 出版社相关作品

书目信息

  • 表格格式
  • 工作单格式
  • 卡片格式
题名:
中国农村社会保障新的机遇与挑战
    
 
作者: 王洪春 , 汪雷 著
分册:  
出版信息: 合肥   中国科学技术大学出版社  2006
页数: 241页
开本: 23cm
丛书名: 中国农村公共管理丛书
单 册:
中图分类: F323.89
科图分类:
主题词: 农村--社会保障--研究--中国 , 农村 , 社会保障
电子资源:
ISBN: 7-312-02068-2
000 00994oam2 2200289 450
001 012007733801
005 20070515144122.64
010    @a7-312-02068-2@dCNY32.00
100    @a20070427d2006 km y0chiy0120 ea
101 0  @achi
102    @aCN@b340000
105    @ay z 000yy
106    @ar
200 1  @a中国农村社会保障新的机遇与挑战@Azhong guo nong cun she hui bao zhang xin de ji yu yu tiao zhan@f王洪春,汪雷著@Fwang hong chun,wang lei zhu
210    @a合肥@c中国科学技术大学出版社@d2006
215    @a241页@d23cm
225 2  @a中国农村公共管理丛书
330    @a本书包含的内容:国外农村社会保障制度:发展与借鉴、中国农村养老社会保险:制约与创新、中国农村最低生活保障制度:是否应保与是否能保等。
461  0 @12001 @a中国农村公共管理丛书
606 0  @a农村@x社会保障@x研究@y中国
606 0  @a农村
606 0  @a社会保障
690    @aF323.89@v4
701  0 @a王洪春@Awang hong chun@4著
701  0 @a汪雷@Awang lei@4著
801  0 @aCN@bRULIN@c20070515
905    @dF323.89@e75@s5
    
    中国农村社会保障新的机遇与挑战/王洪春,汪雷著.-合肥:中国科学技术大学出版社,2006
    241页;23cm.-(中国农村公共管理丛书)
    
    
    ISBN 7-312-02068-2:CNY32.00
    本书包含的内容:国外农村社会保障制度:发展与借鉴、中国农村养老社会保险:制约与创新、中国农村最低生活保障制度:是否应保与是否能保等。
●
相关链接 在E读中查询图书 在五车中查询图书 在当当中查询图书 在豆瓣中查询图书


正题名:中国农村社会保障新的机遇与挑战     索取号:F323.89/75         预约/预借

序号 登录号 条形码 馆藏地/架位号 状态 备注
1 0571249   205712497   第一样本阅览室/ [索取号:F323.89/75] 在馆    
2 0571250   205712503   第一借阅区/ [索取号:F323.89/75] 在馆    
3 0571251   205712512   第一借阅区/ [索取号:F323.89/75] 在馆    
4 0571252   205712521   第一借阅区/ [索取号:F323.89/75] 在馆    
5 0571253   205712530   第一借阅区/ [索取号:F323.89/75] 在馆    
唐山师范学院图书馆 欢迎您!
大连网信软件有限公司© 版权所有